000
00248nam a22001097a 4500
999
_c
67055
_d
67052
082
_a
ABD
100
_a
Abdul Waheed Khan
245
_a
Life Of Prphet Muhammad (PBUH)
260
_a
Karachi
_b
World Trade Publishers
_c
2013
300
_a
47
942
_c
BK